[Event "Cambridge op 2nd"]
[Site "Cambridge"]
[Date "2024.02.24"]
[Round "9"]
[White "Gooding, Ian R"]
[Black "Chan, Michelle Ngo Yu"]
[Result "1/2-1/2"]
[WhiteElo "1910"]
[BlackElo "1681"]
[PlyCount "79"]
[EventDate "2024.02.19"]
[EventType "swiss"]
[EventRounds "9"]
[EventCountry "ENG"]
[SourceTitle "CB09_2024"]
[SourceDate "2024.02.28"]
[SourceVersion "1"]
[SourceVersionDate "2024.02.28"]
[SourceQuality "1"]

1. e4 e5 2. Nf3 Nc6 3. Nc3 Nf6 4. Bb5 Nd4 5. Nxe5 Nxb5 6. Nxb5 d6 7. Nf3 Nxe4 8. Qe2 Qe7 9. Nxc7+ Qxc7 10. Qxe4+ Qe7 11. Qxe7+ Bxe7 12. 0-0 Bf5 13. c3 Bd3 14. Re1 d5 15. Ne5 Ba6 16. d4 f6 17. Ng4 Kf7 18. Ne3 Rhd8 19. b3 g6 20. a4 Rac8 21. Bb2 Rc6 22. Rec1 Rb6 23. b4 Bc4 24. Nxc4 dxc4 25. Re1 Re6 26. Rxe6 Kxe6 27. Re1+ Kf7 28. Bc1 g5 29. f3 Bd6 30. g3 Re8 31. Rxe8 Kxe8 32. Kf2 Kd7 33. f4 g4 34. f5 Kc6 35. Bf4 Bf8 36. Ke3 Kd5 37. Bb8 a6 38. Bf4 Bd6 39. Kf2 Kc6 40. Bh6 1/2-1/2

[Event "Cambridge op 2nd"]
[Site "Cambridge"]
[Date "2024.02.19"]
[Round "2"]
[White "Chan, Michelle Ngo Yu"]
[Black "Keohane, Benedict A"]
[Result "0-1"]
[WhiteElo "1681"]
[BlackElo "1926"]
[PlyCount "83"]
[EventDate "2024.02.19"]
[EventType "swiss"]
[EventRounds "9"]
[EventCountry "ENG"]
[SourceTitle "CB09_2024"]
[SourceDate "2024.02.28"]
[SourceVersion "1"]
[SourceVersionDate "2024.02.28"]
[SourceQuality "1"]

1. e4 Nf6 2. e5 Nd5 3. d4 d6 4. c4 Nb6 5. f4 g6 6. Nc3 Bg7 7. Be3 0-0 8. c5 N6d7 9. Nf3 dxc5 10. dxc5 b6 11. b4 bxc5 12. bxc5 Na6 13. Qd5 Rb8 14. a3 c6 15. Qxc6 Qa5 16. Bd2 Nb4 17. axb4 Qxa1+ 18. Kf2 Bb7 19. Qxd7 Bxf3 20. Kxf3 Rbd8 21. Qa4 Qxa4 22. Nxa4 Rxd2 23. Bb5 Rb8 24. Ba6 Rxb4 25. Rc1 g5 26. c6 Rxf4+ 27. Ke3 Bxe5 28. Kxd2 Rxa4 29. Bb5 Bf4+ 30. Ke1 Ra5 31. c7 Bxc7 32. Rxc7 Rxb5 33. Rxa7 Rb2 34. Kf1 e6 35. h3 Kg7 36. Kg1 h6 37. Kh2 Rb3 38. g4 Kg6 39. Ra6 h5 40. Rc6 Rb2+ 41. Kg3 h4+ 42. Kf3 0-1

[Event "Gilbert Cup"]
[Site "Stirling"]
[Date "2023.08.19"]
[Round "4"]
[White "Mehta, Sophie"]
[Black "Chan, Michelle Ngo Yu"]
[Result "0-1"]
[WhiteElo "1374"]
[BlackElo "1642"]
[PlyCount "102"]
[EventDate "2023.08.18"]
[EventType "team-tourn"]
[EventRounds "6"]
[EventCountry "SCO"]
[SourceTitle "EXT 2024"]
[Source "ChessBase"]
[SourceDate "2023.10.10"]
[SourceVersion "1"]
[SourceVersionDate "2023.10.10"]
[SourceQuality "1"]
[WhiteTeam "England II"]
[BlackTeam "England"]
[WhiteTeamCountry "ENG"]
[BlackTeamCountry "ENG"]

1. d4 d5 2. Bf4 Nf6 3. e3 e6 4. Nd2 Bd6 5. Bg3 0-0 6. Ngf3 c5 7. c3 Qc7 8. Bd3 Nbd7 9. e4 dxe4 10. Bxd6 Qxd6 11. Nxe4 Nxe4 12. Bxe4 Nf6 13. Qd3 c4 14. Qc2 Nxe4 15. Qxe4 Qd5 16. Qxd5 exd5 17. 0-0 f6 18. Rfe1 Kf7 19. Re3 Bf5 20. Rae1 Rfe8 21. Rxe8 Rxe8 22. Rxe8 Kxe8 23. h3 Bb1 24. a3 Kd7 25. Kf1 Kc6 26. Ke1 Kb5 27. Kd2 Ka4 28. Kc1 Be4 29. Ne1 h5 30. f3 Bh7 31. g4 hxg4 32. hxg4 a5 33. f4 Be4 34. g5 fxg5 35. fxg5 Kb3 36. a4 g6 37. Kd2 Kxb2 38. Ke3 Kxc3 39. Kf4 Kxd4 40. Nf3+ Bxf3 41. Kxf3 c3 42. Ke2 Ke4 43. Ke1 Kd3 44. Kd1 c2+ 45. Kc1 d4 46. Kb2 Kd2 47. Ka2 c1Q 48. Kb3 Qc3+ 49. Ka2 Qb4 50. Ka1 Kc2 51. Ka2 Qb2# 0-1

[Event "BCF-chT4 2223 (4NCL)"]
[Site "England"]
[Date "2023.04.29"]
[Round "9.64"]
[White "Chan, Michelle Ngo Yu"]
[Black "Michener, Max"]
[Result "1-0"]
[WhiteElo "1586"]
[BlackElo "1502"]
[PlyCount "65"]
[EventDate "2022.11.05"]
[EventType "team-swiss"]
[EventRounds "11"]
[EventCountry "ENG"]
[SourceTitle "EXT 2024"]
[Source "ChessBase"]
[SourceDate "2023.10.10"]
[SourceVersion "1"]
[SourceVersionDate "2023.10.10"]
[SourceQuality "1"]
[WhiteTeam "She Plays To Win Lionesses"]
[BlackTeam "Barnet Knights III"]
[WhiteTeamCountry "ENG"]
[BlackTeamCountry "ENG"]

1. e4 e5 2. Nf3 Nc6 3. Bc4 Bc5 4. c3 Nf6 5. d3 d6 6. 0-0 0-0 7. Re1 Bg4 8. h3 Bh5 9. Nbd2 h6 10. Nf1 Qd7 11. Ng3 Bg6 12. a4 a6 13. Nh4 Bh7 14. Qf3 Ne8 15. Nhf5 Ne7 16. Nxh6+ gxh6 17. Bxh6 Ng7 18. Qf6 Ne8 19. Qg5+ Ng6 20. Bxf8 Kxf8 21. Qh6+ Kg8 22. Nf5 c6 23. Qg5 d5 24. exd5 cxd5 25. Rxe5 Bxf2+ 26. Kxf2 dxc4 27. Re7 Qxd3 28. Nh6+ Kg7 29. Rxf7+ Kh8 30. Re1 Ng7 31. Rxg7 Kxg7 32. Re7+ Kh8 33. Qf6# 1-0

[Event "Daventry 4NCL Easter op-B 3rd"]
[Site "Daventry"]
[Date "2023.04.09"]
[Round "5"]
[White "Chan, Michelle Ngo Yu"]
[Black "Gunarathne, Senith Thenula"]
[Result "1-0"]
[WhiteElo "1586"]
[BlackElo "1491"]
[PlyCount "121"]
[EventDate "2023.04.07"]
[EventType "swiss"]
[EventRounds "7"]
[EventCountry "ENG"]
[SourceTitle "EXT 2024"]
[Source "ChessBase"]
[SourceDate "2023.10.10"]
[SourceVersion "1"]
[SourceVersionDate "2023.10.10"]
[SourceQuality "1"]

1. e4 c5 2. Nf3 d6 3. d4 cxd4 4. Nxd4 Nf6 5. Nc3 a6 6. Be2 e5 7. Nb3 Be6 8. Be3 Be7 9. f3 Nc6 10. Nd5 Bxd5 11. exd5 Na5 12. Qd2 Nxb3 13. axb3 Qd7 14. 0-0 0-0 15. c4 Ne8 16. f4 exf4 17. Bxf4 f5 18. Rae1 Nc7 19. Bd3 Rae8 20. Qb4 b5 21. Qd2 Bf6 22. Bg5 Be5 23. Qc2 Na8 24. Bxf5 Rxf5 25. Qxf5 Qxf5 26. Rxf5 Bd4+ 27. Kf1 Rxe1+ 28. Kxe1 g6 29. Rf3 Bxb2 30. Bh6 Bg7 31. Bxg7 Kxg7 32. cxb5 axb5 33. Rc3 Kf6 34. Rc8 Nb6 35. Rc6 Nxd5 36. Rxd6+ Ke5 37. Rd7 Nf6 38. Rb7 Kd4 39. Rxb5 Nd5 40. Rxd5+ Kxd5 41. Ke2 h6 42. Kd3 Kc5 43. Ke4 Kb4 44. Ke5 Kxb3 45. Kf6 g5 46. Kg6 g4 47. Kxh6 g3 48. hxg3 Kb4 49. g4 Kb5 50. g5 Kb6 51. g6 Ka7 52. g7 Ka6 53. g8Q Ka7 54. Qb3 Ka8 55. g4 Ka7 56. g5 Ka8 57. g6 Ka7 58. g7 Ka6 59. g8Q Ka7 60. Qgb8+ Ka6 61. Q8b6# 1-0

[Event "Daventry 4NCL Easter op-B 3rd"]
[Site "Daventry"]
[Date "2023.04.08"]
[Round "3"]
[White "Chan, Michelle Ngo Yu"]
[Black "Butterworth, Paul"]
[Result "1-0"]
[WhiteElo "1586"]
[BlackElo "1798"]
[PlyCount "115"]
[EventDate "2023.04.07"]
[EventType "swiss"]
[EventRounds "7"]
[EventCountry "ENG"]
[SourceTitle "EXT 2024"]
[Source "ChessBase"]
[SourceDate "2023.10.10"]
[SourceVersion "1"]
[SourceVersionDate "2023.10.10"]
[SourceQuality "1"]

1. e4 c5 2. Nf3 e6 3. d4 cxd4 4. Nxd4 a6 5. Bd3 Bc5 6. Nb3 Be7 7. Qg4 g6 8. Qe2 d6 9. 0-0 Nc6 10. a4 b6 11. Na3 Nf6 12. Bh6 Bb7 13. a5 Ne5 14. f3 Nfd7 15. f4 Nxd3 16. Qxd3 d5 17. exd5 Bxd5 18. Bg7 Nc5 19. Nxc5 Bxc5+ 20. Kh1 Rg8 21. Be5 f6 22. Bc3 b5 23. Nxb5 Qd7 24. Na3 Qc6 25. Qe2 Kf7 26. Nc4 Rab8 27. Nd2 Kg7 28. Rae1 Rge8 29. Ne4 Bxe4 30. Qxe4 Qxe4 31. Rxe4 Rb5 32. Rfe1 Kf7 33. g4 h6 34. g5 hxg5 35. fxg5 f5 36. Rh4 Ke7 37. Rh7+ Kd6 38. Rg7 e5 39. Rxg6+ Kd5 40. Rxa6 Bb4 41. Bxb4 Rxb4 42. Rb6 Re4 43. Rb5+ Kc4 44. Rxe4+ fxe4 45. Rb3 Kd4 46. Kg2 Rf8 47. Ra3 e3 48. Ra4+ Kd5 49. Ra1 Ke4 50. Re1 Rf2+ 51. Kg1 Rxc2 52. a6 Rxb2 53. Ra1 Kf3 54. a7 Rg2+ 55. Kh1 Kf2 56. Ra2+ e2 57. Rxe2+ Kf1 58. Rxg2 1-0

[Event "BCF-chT4 2223 (4NCL)"]
[Site "England"]
[Date "2022.11.06"]
[Round "2.42"]
[White "Chan, Michelle Ngo Yu"]
[Black "Curran, David P1111"]
[Result "0-1"]
[WhiteElo "1586"]
[BlackElo "1770"]
[PlyCount "68"]
[EventDate "2022.11.05"]
[EventType "team-swiss"]
[EventRounds "11"]
[EventCountry "ENG"]
[SourceTitle "EXT 2024"]
[Source "ChessBase"]
[SourceDate "2023.10.10"]
[SourceVersion "1"]
[SourceVersionDate "2023.10.10"]
[SourceQuality "1"]
[WhiteTeam "She Plays To Win Lionesses"]
[BlackTeam "Oxford III"]
[WhiteTeamCountry "ENG"]
[BlackTeamCountry "ENG"]

1. e4 c6 2. d4 d5 3. Nc3 dxe4 4. Nxe4 Nd7 5. Nf3 Ngf6 6. Ng3 e6 7. Bd3 c5 8. 0-0 cxd4 9. Nxd4 Be7 10. Re1 0-0 11. Be3 Ne5 12. Be2 Bd7 13. Nb5 a6 14. Nd6 Bc6 15. Bc5 Qc7 16. f4 Bxg2 17. Kxg2 Qxc5 18. fxe5 Qxe5 19. Nc4 Qc5 20. Bd3 Rad8 21. Ne5 Bd6 22. Nf3 Ng4 23. Qe2 Bf4 24. Qe4 Rxd3 25. cxd3 Qf2+ 26. Kh3 Nxh2 27. Qxf4 Nxf3 28. Rf1 Ng1+ 29. Kg4 f5+ 30. Kh5 Qh2+ 31. Qh4 g6+ 32. Kg5 Nh3+ 33. Kh6 Qd2+ 34. Rf4 Nxf4 0-1

[Event "ENG-ch U14"]
[Site "Torquay"]
[Date "2022.08.11"]
[Round "6"]
[White "Chan, Michelle Ngo Yu"]
[Black "Hertog, Alexander"]
[Result "1/2-1/2"]
[WhiteElo "1638"]
[BlackElo "1533"]
[PlyCount "75"]
[EventDate "2022.08.08"]
[EventType "swiss"]
[EventRounds "7"]
[EventCountry "ENG"]
[SourceTitle "EXT 2023"]
[Source "ChessBase"]
[SourceDate "2022.10.05"]
[SourceVersion "1"]
[SourceVersionDate "2022.10.05"]
[SourceQuality "1"]

1. e4 c6 2. d4 d5 3. Nc3 dxe4 4. Nxe4 Nd7 5. Nf3 Ngf6 6. Nxf6+ Nxf6 7. Bd3 Bg4 8. c3 e6 9. h3 Bh5 10. 0-0 Be7 11. Bf4 Bd6 12. Bxd6 Qxd6 13. Re1 Nd5 14. g3 0-0 15. Kg2 c5 16. dxc5 Qc6 17. c4 Nf6 18. b4 Rfd8 19. Re3 e5 20. g4 e4 21. gxh5 exd3 22. Rxd3 Rxd3 23. Qxd3 Nxh5 24. Qd4 Re8 25. Qd6 Qa4 26. Qd2 g6 27. Rc1 Qc6 28. Qd6 Qa4 29. b5 Re6 30. Qb8+ Kg7 31. Qxb7 Rf6 32. b6 axb6 33. cxb6 Qa3 34. Re1 Nf4+ 35. Kh2 Qb2 36. Rf1 Qe2 37. Kg1 Nxh3+ 38. Kg2 1/2-1/2

[Event "ENG-ch U14"]
[Site "Torquay"]
[Date "2022.08.10"]
[Round "4"]
[White "Chan, Michelle Ngo Yu"]
[Black "Wang, Andy"]
[Result "1-0"]
[WhiteElo "1638"]
[BlackElo "1424"]
[PlyCount "121"]
[EventDate "2022.08.08"]
[EventType "swiss"]
[EventRounds "7"]
[EventCountry "ENG"]
[SourceTitle "EXT 2023"]
[Source "ChessBase"]
[SourceDate "2022.10.05"]
[SourceVersion "1"]
[SourceVersionDate "2022.10.05"]
[SourceQuality "1"]

1. e4 e5 2. Nf3 Nc6 3. Bc4 Bc5 4. d3 h6 5. c3 Nf6 6. 0-0 Bb6 7. Re1 d6 8. Bb3 Bg4 9. h3 Bh5 10. Nbd2 0-0 11. Nf1 Re8 12. Ng3 Bg6 13. a4 Re7 14. Nh4 Bh7 15. Qf3 Rd7 16. Nhf5 d5 17. Bc2 d4 18. Re2 Bg6 19. Bd2 Bh7 20. Rd1 Ne7 21. Nxh6+ Kf8 22. Ng4 Nxg4 23. Qxg4 Bg6 24. h4 Ng8 25. Bg5 Qe8 26. h5 Bh7 27. Nf5 Qe6 28. Be7+ Nxe7 29. Qxg7+ Ke8 30. Nxe7 Kxe7 31. Qxh7 Qg4 32. Bb3 Rf8 33. Rdd2 dxc3 34. bxc3 Rxd3 35. Qf5 Qxf5 36. exf5 Rxd2 37. Rxd2 Rh8 38. Bd1 Ba5 39. Rd3 Rd8 40. Rxd8 Kxd8 41. f6 Bxc3 42. g4 Bd2 43. Kg2 Bg5 44. Kg3 Kd7 45. Bb3 Ke8 46. Kf3 Bxf6 47. Ke4 Kf8 48. Kf5 Bh8 49. g5 c6 50. Bc4 a6 51. Ke4 Ke7 52. a5 Bg7 53. h6 Bh8 54. f3 Kf8 55. Kf5 c5 56. Ke4 Ke7 57. Kd5 Kf8 58. Kxc5 Kg8 59. Kb6 Kf8 60. Kxb7 f5 61. g6 1-0

[Event "ENG-ch U14"]
[Site "Torquay"]
[Date "2022.08.09"]
[Round "2"]
[White "Bharat Kumar, Balahari"]
[Black "Chan, Michelle Ngo Yu"]
[Result "1-0"]
[WhiteElo "1738"]
[BlackElo "1638"]
[PlyCount "99"]
[EventDate "2022.08.08"]
[EventType "swiss"]
[EventRounds "7"]
[EventCountry "ENG"]
[SourceTitle "EXT 2023"]
[Source "ChessBase"]
[SourceDate "2022.10.05"]
[SourceVersion "1"]
[SourceVersionDate "2022.10.05"]
[SourceQuality "1"]

1. d4 d5 2. c4 e6 3. Nc3 Nf6 4. Bf4 Bd6 5. Bg5 Be7 6. e3 h6 7. Bh4 0-0 8. Nf3 b6 9. cxd5 exd5 10. Bd3 Bb7 11. 0-0 c5 12. Rc1 Nbd7 13. Qc2 Ne4 14. Nxe4 Bxh4 15. Nd6 Bc6 16. Nf5 Be7 17. b3 Rc8 18. Qe2 Re8 19. Ne5 Nxe5 20. dxe5 Bf8 21. f4 g6 22. Qg4 Bd7 23. Qg3 Bxf5 24. Bxf5 Rc6 25. e6 Qf6 26. exf7+ Qxf7 27. Bd3 Rce6 28. e4 Qg7 29. exd5 Rf6 30. Bc4 Bd6 31. Qg4 Ref8 32. g3 Kh8 33. Rce1 h5 34. Qd1 Rd8 35. Re4 Qf7 36. Rfe1 h4 37. Qg4 hxg3 38. hxg3 Kg7 39. Re6 Qf8 40. Bd3 Qf7 41. f5 Rxf5 42. Bxf5 Qxf5 43. Qxf5 gxf5 44. Kg2 Bb8 45. Re8 Rxe8 46. Rxe8 Bd6 47. Rd8 Be5 48. d6 Kf6 49. d7 Ke7 50. Re8+ 1-0